000 00748 a2200205 4500
001 25201
005 20260407155535.0
008 260407a1969 arg spa d
003 AR-UNSa-BCEJYS
040 _aAR-UNSa-BCEJYS
_bspa
_cAR-UNSa-BCEJYS
080 _a519.22
_xTeoría estadística. Modelos estadísticos. Estadística matemática en general
245 1 0 _aIntroducción a la estadística experimental
264 1 _aBarcelona :
_bOmega
_c1969
300 _a496 p.
_c22 cm.
505 _aParte I : Procedimientos básicos y teoría - Parte II : Diseños experimentales - Parte III : Algunas cuestiones complementarias.
942 _cBK
590 _aniveau_biblio:m niveau_hierar:0
100 1 _aChun Li, Ching
700 1 _aRibo, Griselda
999 _c1311
_d1311